Anuario de la vida local (Record no. 2554)

MARC details
000 -LEADER
campo de control de longitud fija 00798nas a2200241 i 4500
001 - NÚMERO DE CONTROL
campo de control 2554
003 - IDENTIFICADOR DE NÚMERO DE CONTROL
campo de control ES-MaACL
005 - FECHA Y HORA DE LA ÚLTIMA TRANSACCIÓN
campo de control 20250603171330.0
008 - DATOS DE LONGITUD FIJA--INFORMACIÓN GENERAL
campo de control de longitud fija 950801d1936 sp | p | 1 ||pa d
080 ## - NÚMERO DE LA CLASIFICACIÓN DECIMAL UNIVERSAL
Número de la Clasificación Decimal Universal 35(460)
245 00 - MENCIÓN DEL TÍTULO
Título Anuario de la vida local
Resto del título : patrocinado por el Colegio Central del Secretariado Local de España /
Mención de responsabilidad, etc. dir., Mariano García Cortés.
260 ## - PUBLICACIÓN, DISTRIBUCIÓN, ETC.
Lugar de publicación, distribución, etc. Madrid :
Nombre del editor, distribuidor, etc. [Anuario de la vida local],
Fecha de publicación, distribución, etc. 1936-
300 ## - DESCRIPCIÓN FÍSICA
Extensión 1 v. ;
Dimensiones 24 cm.
310 ## - PERIODICIDAD ACTUAL
Periodicidad actual Anual
362 0# - FECHAS DE PUBLICACIÓN Y/O DESIGNACIÓN SECUENCIAL
Fecha de publicación y/o designación secuencial (1936)-
650 14 - PUNTO DE ACCESO ADICIONAL DE MATERIA--TÉRMINO DE MATERIA
Término de materia o nombre geográfico como elemento de entrada Administración pública.
9 (RLIN) 9646
651 #7 - PUNTO DE ACCESO ADICIONAL DE MATERIA--NOMBRE GEOGRÁFICO
Nombre geográfico España-
Subdivisión general Administración
Fuente del encabezamiento o término
9 (RLIN) 148152
700 1# - ENTRADA AGREGADA--NOMBRE PERSONAL
Nombre de persona García Cortés, Mariano.
9 (RLIN) 54387
710 2# - ENTRADA AGREGADA--NOMBRE DE ENTIDAD CORPORATIVA
Nombre de entidad corporativa o nombre de jurisdicción como elemento de entrada Colegio Central del Secretariado Local de España.
9 (RLIN) 163631
852 ## - LOCALIZACIÓN
Ubicación ES-MaACL
Número de control de estantería C-7144
866 #0 - MENCIÓN TEXTUAL DE FONDOS--UNIDAD BIBLIOGRÁFICA BÁSICA
Fondos 1936.
Holdings
Estatus retirado Estado de pérdida Estado de daño No para préstamo Colección Biblioteca de origen Biblioteca actual Ubicación en estantería Fecha de adquisición Fuente de adquisición Total de préstamos Signatura topográfica completa Código de barras Visto por última vez Precio de reemplazo Tipo de ítem Koha
        Periódicos y Revistas Biblioteca del Ateneo de Madrid Biblioteca del Ateneo de Madrid Sala Palomar 17/01/2008     C-7144 1002597 23/02/2023 23/02/2023 Revista